书目信息 |
| 题名: |
疗愈系的手作毛线娃娃
|
|
| 作者: | 怡宁 著 | |
| 分册: | ||
| 出版信息: | 重庆 重庆出版社 2010.02 |
|
| 页数: | 103页 | |
| 开本: | 23cm | |
| 丛书名: | 爱上手工生活 | |
| 单 册: | ||
| 中图分类: | TS973.5 | |
| 科图分类: | ||
| 主题词: | 绒线--rong xian--手工艺品--制作 | |
| 电子资源: | ||
| ISBN: | 978-7-229-01369-1 | |
| 000 | 01179nam 2200265 450 | |
| 001 | 012010036720 | |
| 005 | 20100324185452.71 | |
| 010 | @a978-7-229-01369-1@dCNY28.00 | |
| 100 | @a20100324d2010 em y0chiy0120 ea | |
| 101 | 0 | @achi |
| 102 | @aCN@b500000 | |
| 105 | @aa z 000yy | |
| 106 | @ar | |
| 200 | 1 | @a疗愈系的手作毛线娃娃@Aliao yu xi de shou zuo mao xian wa wa@f怡宁著@Fyi ning zhu |
| 210 | @a重庆@c重庆出版社@d2010.02 | |
| 215 | @a103页@c图@d23cm | |
| 225 | 2 | @a爱上手工生活@Aai shang shou gong sheng huo |
| 314 | @a怡宁,水瓶座。一头长发。偶尔疯狂吃金莎。讨厌冷笑话。整天躺在床上。冬天爱用吹风机吹脚。追求香氛。泡澡发呆。有时耳朵关起来。生活拘谨,偶尔失序。我有好多事想做,可是我不喜欢动。最希望随时可以隐形! | |
| 330 | @a本书介绍不用钩,只要绕;布少少,线省省;我用一集日剧的时间,完成了我的毛线娃儿啰~~用毛线绕出你心爱的娃儿,为她设计美美的发型,漂亮的衣衣,再帮她添购超IN的配件,这个娃儿全世界只有你有,她为你美丽,你是她最亲密、崇拜的朋友。 | |
| 410 | 0 | @12001 @a爱上手工生活 |
| 606 | 0 | @a绒线@Arong xian@x手工艺品@x制作 |
| 690 | @aTS973.5@v4 | |
| 701 | 0 | @a怡宁@Ayi ning@4著 |
| 801 | 0 | @aCN@bQSSK@c20100324 |
| 905 | @b772175-77@dTS973.5@eY516@f3 | |
| 疗愈系的手作毛线娃娃/怡宁著.-重庆:重庆出版社,2010.02 |
| 103页:图;23cm.-(爱上手工生活) |
| ISBN 978-7-229-01369-1:CNY28.00 |
| 本书介绍不用钩,只要绕;布少少,线省省;我用一集日剧的时间,完成了我的毛线娃儿啰~~用毛线绕出你心爱的娃儿,为她设计美美的发型,漂亮的衣衣,再帮她添购超IN的配件,这个娃儿全世界只有你有,她为你美丽,你是她最亲密、崇拜的朋友。 |
| ● |
| 相关链接 |
|
|
|
正题名:疗愈系的手作毛线娃娃
索取号:TS973.5/Y516
 
预约/预借
| 序号 | 登录号 | 条形码 | 馆藏地/架位号 | 状态 | 备注 |
| 1 | 772175 | 207721759 | 自科库501/501自科库 75排1列5层/ [索取号:TS973.5/Y516] | 在馆 | |
| 2 | 772176 | 207721768 | 自科库501/501自科库 75排1列5层/ [索取号:TS973.5/Y516] | 在馆 | |
| 3 | 772177 | 207721777 | 自科库501/501自科库 75排1列5层/ [索取号:TS973.5/Y516] | 在馆 |